Statistics for Close-Up Foods #2

Click here to take the quiz!

General Stats

  • This quiz has been taken 146 times
  • The average score is 13 of 16

Answer Stats

Answer% Correct
Apple
100%
Carrot
99%
Orange
94%
Blueberry
93%
Banana
90%
Popcorn
90%
Cherry
88%
Apple Pie
86%
Almond
85%
Brownie
84%
Rice
79%
Macaroon
74%
Kale
70%
Cheesecake
58%
Peanut Butter
53%
Twinkie
18%

Score Distribution

Percentile by Number Answered

Percent of People with Each Score

Your Score History

You have not taken this quiz